000 00442nam a2200193Ia 4500
001 14378
003 GE_BSU
008 181216s||||||||xx |||||||||||||| ||und||
020 _a0747239274
040 _cGE_BSU
080 _a005.95/96
245 _aDebrett's Etiquette & Modern Manners
260 _aLondon
260 _bHeadline
260 _c1981
300 _a400p.20cm.
653 _aDebrett's Etiquette & Modern Manners
942 _cBK
999 _c47514
_d47514